000 00901pam a2200241 a 4500
001 3733422
005 20250310133518.0
008 810812r19821967nyu b 000 0 eng
020 _a0394706315 :
_c$4.95
020 _a9780394706313
050 0 0 _aHM291
_b.G59 1982
082 0 0 _a302
_219
100 1 _aGoffman, Erving,
_d1922-1982.
245 1 0 _aInteraction ritual :
_bessays on face-to-face behavior /
_cby Erving Goffman.
250 _a1st Pantheon Books ed.
260 _aNew York :
_bPantheon Books,
_c1982, c1967.
300 _a270 p. ;
_c19 cm.
500 _aOriginally published: New York : Doubleday, 1967.
650 0 _aSocial interaction.
856 4 2 _3Contributor biographical information
_uhttp://www.loc.gov/catdir/enhancements/fy1215/81014000-b.html
856 4 2 _3Publisher description
_uhttp://www.loc.gov/catdir/enhancements/fy1215/81014000-d.html
942 _2lcc
_cBK
_e1st Ed.
_n0
999 _c4658
_d4658